000
00344 a2200157 4500
001
152055
040
_c
Escola São Tomás de Aquino
100
_a
PELLEGRINI, Domingos
240
1
0
_a
Água luminosa
_l
por
245
1
0
_a
Água luminosa
300
_a
80
362
0
_a
2003
440
1
_a
Moderna
697
_a
*LITERATURA JUVENIL
942
_c
BK
999
_c
152055
_d
152055